Χρηματιστήριο : το "παιχνίδι" της λογικής και της παρόρμησης : βασικές αρχές χρηματιστηριακής θεωρίας και πρακτικής για "παίκτες" και επενδυτές
Αποθηκεύτηκε σε:
| Κύριος συγγραφέας: | |
|---|---|
| Άλλοι συγγραφείς: | |
| Μορφή: | Βιβλίο |
| Γλώσσα: | Greek |
| Δημοσίευση: |
Αθήνα :
Κριτική,
c2003
|
| Θέματα: | |
| Ετικέτες: |
Προσθήκη ετικέτας
Δεν υπάρχουν, Καταχωρήστε ετικέτα πρώτοι!
|
MARC
| LEADER | 00000cam a2200000 i 4500 | ||
|---|---|---|---|
| 001 | 1/70314 | ||
| 008 | 050124s2003 gr | ||| |||| ||gre|| | ||
| 020 | |a 9602183047 | ||
| 035 | |l 10076189 | ||
| 040 | |a GR-MY-UA |b gre |e aacr | ||
| 041 | 0 | |a gre | |
| 082 | 0 | |a 332.642 | |
| 100 | 1 | |a Αλεξάκης, Χρήστος. | |
| 245 | 1 | 0 | |a Χρηματιστήριο : |b το "παιχνίδι" της λογικής και της παρόρμησης : βασικές αρχές χρηματιστηριακής θεωρίας και πρακτικής για "παίκτες" και επενδυτές / |c Χρήστος Αλεξάκης ; πρόλογος: Μανώλης Ξανθάκης |
| 260 | |a Αθήνα : |b Κριτική, |c c2003 | ||
| 300 | |a 197 σ.; |c 24 εκ. | ||
| 504 | |a Περιλαμβάνει βιβλιογραφικές αναφορές και ευρετήριο | ||
| 650 | 0 | 0 | |a Stock exchanges. |
| 650 | 0 | 0 | |a Monetary policy. |
| 700 | 1 | |a Ξανθάκης, Μανώλης. |4 aui | |
| 852 | |a INST |b CHIOS |e 20050621 |h 332.642 ΑΛΕ |p 005200021751 |q 005200021751 |t BK |y 0 | ||
| 852 | |a INST |b CHIOS |e 20050621 |h 332.642 ΑΛΕ |p 005200021753 |q 005200021753 |t BK |y 0 | ||
| 852 | |a INST |b CHIOS |e 20050124 |h 332.642 ΑΛΕ |p 005200022602 |q 005200022602 |t BK |y 0 | ||
| 852 | |a INST |b CHIOS |e 20050124 |h 332.642 ΑΛΕ |p 005200022612 |q 005200022612 |t BK |y 0 | ||
| 901 | |a BIBL2-2005-1 | ||
| 901 | |a BIBL2-2005-2 | ||
| 909 | |a Χ |b 112331 | ||
| 909 | |a Χ |b 112330 | ||
| 909 | |a Χ |b 118715 | ||
| 909 | |a Χ |b 118718 | ||
| 920 | |a ΔΙΕΥΡΥΝΣΗ |b ΕΠΕΑΕΚ-ΤΜΟΔ |y ΧΙΟΣ |z 2004-12 | ||
| 970 | |a ΣΑΛΑΜΟΥΡΑ |b ΜΑΡΙΑ |z 2005/01/24 | ||